|
|
|
|
| LEADER |
00697cam a2200193 7i4500 |
| 001 |
0000049681 |
| 005 |
20190516090000.0 |
| 090 |
0 |
0 |
|a JQ294
|b .B89 1989
|
| 100 |
1 |
|
|a Butler, David
|
| 245 |
1 |
0 |
|a India decides :
|b elections 1952-1989
|c David Butler, Ashok Lahiri, Prannoy Roy.
|
| 260 |
|
|
|a New Delhi:
|b Aroon Purie for Living Media India Ltd.,
|c 1989.
|
| 300 |
|
|
|a vii, 372 p.:
|b ill.;
|c 29 cm.
|
| 500 |
|
|
|a Gift: Zainol Ahmad Resource Center
|
| 504 |
|
|
|a Includes biblographical references and index
|
| 650 |
0 |
0 |
|a Elections --
|z India
|
| 651 |
|
0 |
|a India --
|x Politics and government
|
| 700 |
1 |
|
|a Lahiri, Ashok
|
| 700 |
1 |
|
|a Roy, Prannoy
|
| 999 |
|
|
|a 0000065876
|b BOK
|c OPEN SHELF
|e 1st Floor, Bestari Jaya
|